000 00615nam a2200169 a 4500
008 120416s0000 ||||||||||||||||| || u
020 _a0340676566
050 _aRA 645.7 Pre
100 _aGreaves, Ian
245 1 0 _aPre-hospital medicine
_cedited by Ian Greaves
246 _athe principles and practice of immediate care
260 _aLondon
_bArnold
_c1999
300 _axvi, 806p. : ill
350 _a0.00
700 _aPorter, Keith M
995 _D0.00
_FCBU-MAIN LIBRARY (Kitwe)
_H1
_I60.00
_M1
_UAVAILABLE
_WApr 10, 2007
_ZAnnex Low-Usage Collection
999 _c54338
_d54338